ALE, EDI & IDoc technologies for SAP (Record no. 48638)
[ view plain ]
| 000 -LEADER | |
|---|---|
| fixed length control field | 01346nam a2200361 a 4500 |
| 082 04 - DEWEY DECIMAL CLASSIFICATION NUMBER | |
| Classification number | 650/.0285/53769 |
| 100 1# - MAIN ENTRY--AUTHOR NAME | |
| Personal name | Nagpal, Arvind. |
| 245 10 - TITLE STATEMENT | |
| Title | ALE, EDI & IDoc technologies for SAP |
| 250 ## - EDITION STATEMENT | |
| Edition statement | 2nd ed. |
| 260 ## - PUBLICATION, DISTRIBUTION, ETC. (IMPRINT) | |
| Place of publication | Roseville, Calif. : |
| Name of publisher | Prima Tech, |
| Year of publication | c2001. |
| 300 ## - PHYSICAL DESCRIPTION | |
| Number of Pages | xxxvi, 764 p. : |
| Other physical details | ill. |
| 650 #0 - SUBJECT ADDED ENTRY--TOPICAL TERM | |
| Topical Term | Business |
| Topical Term | Client/server computing. |
| Topical Term | Electronic data interchange. |
| 700 1# - ADDED ENTRY--PERSONAL NAME | |
| Personal name | Pitlak, John. |
| 856 40 - ELECTRONIC LOCATION AND ACCESS | |
| Uniform Resource Identifier | http://site.ebrary.com/lib/rucke/Doc?id=10066545 |
No items available.
